Online
Catalog

Populismo y contradicciones de clase en Latinoamérica / (Record no. 35201)

MARC details
000 -CABECERA
campo de control de longitud fija 01044nam a2200253 a 4500
001 - NÚMERO DE CONTROL
campo de control 000035710
003 - IDENTIFICADOR DEL NÚMERO DE CONTROL
campo de control DO-SdBNP
005 - FECHA Y HORA DE LA ÚLTIMA TRANSACCIÓN
campo de control 20250529114814.0
008 - DATOS DE LONGITUD FIJA--INFORMACIÓN GENERAL
campo de control de longitud fija 111109s1973 mx 000 0 spa d
040 ## - FUENTE DE LA CATALOGACIÓN
Centro catalogador/agencia de origen DO-SdBNP
Lengua de catalogación spa
Centro/agencia transcriptor BNPHU
082 #4 - NÚMERO DE LA CLASIFICACIÓN DECIMAL DEWEY
Número de clasificación 320.98
Número de documento/Ítem G373p
100 1# - ENTRADA PRINCIPAL--NOMBRE DE PERSONA
Nombre de persona Germani, Gino
9 (RLIN) 51035
245 10 - MENCIÓN DE TÍTULO
Título Populismo y contradicciones de clase en Latinoamérica /
Mención de responsabilidad, etc. Gino Germani, Torcuato S. di Tella, Octavio Ianni ; selección y presentación de Octavio Ianni.
260 ## - PUBLICACIÓN, DISTRIBUCIÓN, ETC.
Lugar de publicación, distribución, etc. México :
Nombre del editor, distribuidor, etc. Ediciones era,
Fecha de publicación, distribución, etc. 1973.
300 ## - DESCRIPCIÓN FÍSICA
Extensión 150 p. ;
Dimensiones 18 cm.
490 0# - MENCIÓN DE SERIE
Mención de serie Popular era ;
Designación de volumen o secuencia 21
505 0# - NOTA DE CONTENIDO CON FORMATO
Nota de contenido con formato Democracia representativa y clases populares /
Mención de responsabilidad Gino Germani --
Título Populismo y reformismo /
Mención de responsabilidad Torcuato S. di Tella --
Título Populismo y relaciones de clase /
Mención de responsabilidad Octavio Ianni
650 #0 - PUNTO DE ACCESO ADICIONAL DE MATERIA--TÉRMINO DE MATERIA
Término de materia o nombre geográfico como elemento de entrada Clases sociales
Subdivisión geográfica América Latina
9 (RLIN) 1062
651 #4 - PUNTO DE ACCESO ADICIONAL DE MATERIA--NOMBRE GEOGRÁFICO
Nombre geográfico América Latina
Subdivisión general Política y gobierno
9 (RLIN) 2618
651 #4 - PUNTO DE ACCESO ADICIONAL DE MATERIA--NOMBRE GEOGRÁFICO
Nombre geográfico América Latina
Subdivisión general Condiciones sociales
9 (RLIN) 5034
830 #0 - PUNTO DE ACCESO ADICIONAL DE SERIE-TÍTULO UNIFORME
Título uniforme Popular era ;
Número de parte o sección de la obra 21
9 (RLIN) 61641
910 ## - DATOS DE OPCIÓN DEL USUARIO (OCLC)
Datos de opción del usuario Validado. Control de calidad MFF
942 ## - ELEMENTOS DE PUNTO DE ACCESO ADICIONAL (KOHA)
Fuente del sistema de clasificación o colocación Dewey Decimal Classification
Tipo de ítem Koha Libro
Holdings
Estado de retiro Estado de pérdida Restricciones de uso No para préstamo Código de colección Localización permanente Ubicación/localización actual Ubicación en estantería Fecha de adquisición Número de inventario Total de préstamos Signatura topográfica completa Código de barras Fecha visto por última vez Precio válido a partir de Tipo de ítem Koha Nota pública Número de copia
      Excluido de préstamo Monografías: Libros y Folletos General General Depósito 09.11.2011 LF1   320.98 G373p 35710-10 25.06.2020 25.06.2020 No se presta Perteneció a la Biblioteca personal de Juan Isidro Jimenénes Grullón  
      Excluido de préstamo Monografías: Libros y Folletos General General Depósito 12.11.2013 LF1   320.98 G373p 35710-20 25.06.2020 25.06.2020 No se presta Perteneció a la biblioteca personal de Aida Cartagena Portalatin e.2

Powered by Koha